| 000 | 00414nam a2200145Ia 4500 | ||
|---|---|---|---|
| 008 | 220217s9999||||xx |||||||||||||| ||und|| | ||
| 020 | _a81-86340-49-1 | ||
| 082 | _a005.13 RAM | ||
| 100 |
_aNambissan, Ramachandran, T.M _91983 |
||
| 245 | 0 | _aPrinciples and techniques of programming | |
| 250 | _a2nd | ||
| 260 |
_aGalgotia publication _bNew Delhi _c2001 |
||
| 300 | _b125 | ||
| 650 | _aPROGRAMMING LANGUAGE | ||
| 999 |
_c167886 _d167886 |
||